| 000 | 00438 a2200133 4500 | ||
|---|---|---|---|
| 020 | _a0070085803 | ||
| 082 | _a624.1821 BRU | ||
| 100 | _aBruneau, Michel, | ||
| 245 |
_aDuctile design of steel structures / _cMichel Bruneau, Chia-Ming Uang, Andrew Whittaker. |
||
| 260 |
_aNew York : _bMcGraw-Hill, _cc1998. |
||
| 300 |
_axiii, 485 p. : _bill. ; _c24 cm. |
||
| 650 | _aBuilding, Iron and steel. | ||
| 650 | _aStructural design. | ||
| 650 |
_aSteel, Structural _xDuctility. |
||
| 999 |
_c1330 _d1330 |
||